Statistics for Animals on Football Club Crests

Click here to take the quiz!

General Stats

  • This quiz has been taken 41 times
  • The average score is 11 of 18

Answer Stats

ClubAnimal% Correct
Leicester City🏴󠁧󠁢󠁥󠁮󠁧󠁿Fox
97%
Swansea City🏴󠁧󠁢󠁷󠁬󠁳󠁿Swan
79%
Brentford🏴󠁧󠁢󠁥󠁮󠁧󠁿Bee
76%
Valencia🇪🇸Bat
72%
RB Salzburg🇦🇹Bull
72%
Cologne🇩🇪Goat
72%
Rangers🏴󠁧󠁢󠁳󠁣󠁴󠁿Lion
69%
Hull City🏴󠁧󠁢󠁥󠁮󠁧󠁿Tiger
69%
S.L. Benfica🇵🇹Eagle
66%
Sheffield Wednesday🏴󠁧󠁢󠁥󠁮󠁧󠁿Owl
66%
A.S. Roma🇮🇹Wolf
66%
Atlético Madrid🇪🇸Bear
62%
Newcastle United🏴󠁧󠁢󠁥󠁮󠁧󠁿Seahorse
55%
Norwich City🏴󠁧󠁢󠁥󠁮󠁧󠁿Canary
48%
Lille OSC🇫🇷Mastiff
48%
Twente Enschede🇳🇱Horse
38%
Bohemians Prague🇨🇿Kangaroo
38%
Philadelphia Union🇺🇸Rattlesnake
34%

Score Distribution

Percentile by Number Answered

Percent of People with Each Score

Your Score History

You have not taken this quiz